Умершие от СПИД - Армагеддон - Statistics

General Stats
  • This quiz has been taken 23 times
  • The average score is 2 of 11
Answers on the Grid
Answers color-coded by a green-red scale on the quiz's grid according to % correct below.
Либераче
Брюс Ли
Егор Летов
Клифф Бёртон
Фредди Меркьюри
Сид Барретт
Джеймс Баллард
Райан Уайт
Энди Уорхол
Сид Вишес
Майлз Дэвис
Рудольф Нуреев
Юрий Егоров
Эми Уайнхаус
Брэндон Ли
Джими Хендрикс
Джиа Каранджи
Энтони Перкинс
Чарли Паркер
Джордж Оруэлл
Дюк Эллингтон
Уильям Берроуз
Ривер Феникс
Айзек Азимов
Кристофер Рив
Венедикт Ерофеев
Клаус Номи
Патрик Суэйзи
Лейн Стэйли
Мишель Фуко
 
Answer Stats
Answer % Correct
Фредди Меркьюри
76%
Либераче
29%
Рудольф Нуреев
29%
Джиа Каранджи
24%
Айзек Азимов
19%
Юрий Егоров
14%
Энтони Перкинс
14%
Клаус Номи
14%
Майлз Дэвис
10%
Мишель Фуко
10%
Райан Уайт
5%
No matching quizzes found
Score Distribution
Percent of People with Each Score
Percentile by Number Answered
Your Score History
You have not taken this quiz